Datum a čas kvízu
44
Celkem bodů
Celkový počet nahraných bodů na tomto kvízu bez doplňovacích otázek.
1.
Pořadí na kvízu
Konečné umístění týmu na tomto kvízu.
Zaznamenané odpovědi
| # | Otázka | Odpověď | Body | Výsledky |
|---|---|---|---|---|
| 1. | Počátkem týdne jsme mohli sled... | Český les | 1 | |
| 2. | Ve stínu událostí českých parl... | Ministr zahraničí. | 1 | |
| 3. | Známá hračkářská firma na zákl... | Lego | 1 | |
| 4. | Francouzský deník Le Figaro zv... | mozzarella | 1 | |
| 5. | Jihočeský Motor získal do svéh... | Jiří Novotný | 1 | |
| 6. | Pokřín obecný je rostlina, kte... | mandragora | 1 | |
| 7. | Sušený pelyněk kozalec se užív... | estragon | 1 | |
| 8. | Vigna zlatá je rostlina z čele... | mungo | 1 | |
| 9. | Ledvinovník západní je tropick... | oříšky kešu | 1 | |
| 10. | Kterým slovem na S obecně ozna... | sukulenty | 1 |